Acta Philosophica Tomus XXVII.
Elmentve itt :
| További közreműködők: | |
|---|---|
| Dokumentumtípus: | Folyóirat |
| Megjelent: |
1984
|
| Sorozat: | Acta Universitatis Szegediensis : sectio philosophica
27 |
| Kulcsszavak: | Filozófia - tanulmányok |
| Online Access: | http://acta.bibl.u-szeged.hu/37029 |
| LEADER | 00570nas a2200169 i 4500 | ||
|---|---|---|---|
| 001 | acta37029 | ||
| 005 | 20210915112332.0 | ||
| 008 | 161201s1984 hu o 0|| hun d | ||
| 040 | |a SZTE Egyetemi Kiadványok Repozitórium |b hun | ||
| 041 | |a hun | ||
| 245 | 0 | 0 | |a Acta Philosophica Tomus XXVII. |h [elektronikus dokumentum] |
| 260 | |c 1984 | ||
| 300 | |a 65 | ||
| 490 | 0 | |a Acta Universitatis Szegediensis : sectio philosophica |v 27 | |
| 695 | |a Filozófia - tanulmányok | ||
| 700 | 0 | 1 | |a Horuczi László |
| 856 | 4 | 0 | |u http://acta.bibl.u-szeged.hu/37029/1/philosophica_027.pdf |z Dokumentum-elérés |